000 01258nam a2200313 i 4500
003 EG-GICUC
005 20260508174036.0
008 260508s1971 ua ||||f |||| 00| 0 ara d
040 _a EG-GICUC
_bara
_c EG-GICUC
_d EG-GICUC
_erda
041 _aara
_hara
082 0 4 _221
_a343.302
_bو ز . ق
092 0 4 _221
099 _aLaw1 10 343.302 و ز . ق 1971
110 1 _aوزارة العدل
_eمؤلف.
245 1 0 _aرقم (23) لسنة 1971 قانون أصول المحاكمات الجزائية /
_cوزارة العدل.
264 3 _aلا يوجد مكان للنشر :
_bدار الحرية للطباعة - مطبعة الحكومة،
_c1971.
300 _a100 صفحة ;
_c25سم.
336 _2rda content
_atext
337 _2rda media
_aComputer
338 _2rda carrier
_aOnline Resource
504 _aيشتمل على إرجاعات ببليوجرافية.
546 _aالنص باللغة العربية
650 1 _aالقانون الجنائي
650 1 _aقانون الإجراءات الجنائية
_xقوانين وتشريعات
650 1 _aقانون أصول المحاكمات الجزائية
856 4 0 _uhttps://fll.law.cu.edu.eg/fulltext/bks/B10-12245.pdf
905 _a43
942 _2ddc
_n0
_cBK
_e21
999 _c76312
_d76312